[Event "RIVALS Cup 2008"]
[Site "SchemingMind.com"]
[Date "2008.10.07"]
[Round "-"]
[White "mmccaffe"]
[Black "dtedesco"]
[Result "0-1"]
[WhiteCountry "USA"]
[BlackCountry "CAN"]
[WhiteElo "1598"]
[WhiteRD "51"]
[BlackElo "1493"]
[BlackRD "62"]
[GameID "173962"]

1. e4 c5 2. Nf3 d6 3. d4 cxd4 4. Nxd4 e6 5. Nc3 a6 6. Bc4 Nc6 7. O-O g6 8. Be3 Bg7 9. Qd2 Nxd4 10. Bxd4 Nf6
11. Bb3 b5 12. Rfe1 O-O 13. Rad1 Bb7 14. e5 Ne8 15. exd6 Bxd4 16. Qxd4 Qd7 17. Ne4 Bxe4 18. Rxe4 Rd8 19. Qb6 Qxd6 20. Qxd6 Rxd6
21. Red4 Rxd4 22. Rxd4 Kg7 23. Rd7 Kf6 24. Ra7 Ng7 25. Rxa6 Rd8 26. Kh1 Rd1#
0-1

[Event "RIVALS Cup 2008"]
[Site "SchemingMind.com"]
[Date "2008.10.07"]
[Round "-"]
[White "dtedesco"]
[Black "mmccaffe"]
[Result "1/2-1/2"]
[WhiteCountry "CAN"]
[BlackCountry "USA"]
[WhiteElo "1506"]
[WhiteRD "60"]
[BlackElo "1488"]
[BlackRD "51"]
[GameID "173963"]

1. e4 c5 2. Nc3 d6 3. f4 Nc6 4. Nf3 a6 5. d4 cxd4 6. Nxd4 Qc7 7. b3 Nf6 8. Bd3 e6 9. O-O Nxd4 10. Bb2 Nc6
11. Qf3 Be7 12. Rfe1 O-O 13. Rad1 b5 14. g3 Bb7 15. Qf2 Nb4 16. a3 Nxd3 17. cxd3 Qc6 18. h3 d5 19. Rc1 dxe4 20. Nxe4 Qd7
21. Nxf6+ Bxf6 22. Bxf6 gxf6 23. Qb6 Qd5 24. Re4 f5 25. Rc5 Qxb3 26. Qxb7 fxe4 27. Rg5+ Kh8 28. Qe7 Qd1+= 29. Kf2 Qd2+ 30. Kg1 Qe1+
31. Kg2 Qe2+ 32. Kg1 Qe1+ 33. Kg2 Qe2+ 34. Kg1 Qe1+=
1/2-1/2

[Event "RIVALS Cup 2008"]
[Site "SchemingMind.com"]
[Date "2008.10.12"]
[Round "-"]
[White "Carl Lenox"]
[Black "mmccaffe"]
[Result "1-0"]
[WhiteCountry "CAN"]
[BlackCountry "USA"]
[WhiteElo "1270"]
[WhiteRD "69"]
[BlackElo "1488"]
[BlackRD "51"]
[GameID "174629"]

1. e4 c5 2. Ne2 d6 3. g3 Nc6 4. Nbc3 e6 5. Bg2 a6 6. O-O Be7 7. d3 Nf6 8. a3 O-O 9. Be3 Qc7 10. Qd2 b5
11. Rad1 Bb7 12. Bf4 e5 13. Bg5 h6 14. Be3 Rac8 15. Nd5 Nxd5 16. exd5 Nb8 17. c4 bxc4 18. dxc4 Nd7 19. Qd3 f5 20. Bh3 e4
21. Qd2 Ne5 22. b3 Nf3+ 23. Kg2 Nxd2 24. Bxd2
1-0

[Event "RIVALS Cup 2008"]
[Site "SchemingMind.com"]
[Date "2008.10.12"]
[Round "-"]
[White "Carl Lenox"]
[Black "dtedesco"]
[Result "0-1"]
[WhiteCountry "CAN"]
[BlackCountry "CAN"]
[WhiteElo "1216"]
[WhiteRD "61"]
[BlackElo "1471"]
[BlackRD "57"]
[GameID "174630"]

1. e4 c5 2. Ne2 d6 3. Nbc3 Nf6 4. g3 Nc6 5. Bg2 g6 6. O-O Bg7 7. d3 Be6 8. Bd2 c4 9. d4 Bg4 10. Qc1 O-O
11. f3 Be6 12. a3 d5 13. e5 Ne8 14. b4 a6 15. a4 Nxb4 16. Nd1 a5 17. c3 Nd3 18. Qb1 Rb8 19. Ne3 Bc8 20. Qb5 e6
21. Ng4 Bd7 22. Qb1 b6 23. Qc2 h5 24. Nf2 Nxf2 25. Rxf2 Bc6= 26. Qc1 Qe7 27. Rb1 Nc7 28. Bg5 Qd7 29. Qa3 Rfe8 30. Qc1 b5
31. Nf4 bxa4 32. Rfb2 Bf8 33. Rxb8 a3 34. Rxe8 Nxe8 35. Ne2 Ba4 36. f4 Bb3 37. Qf1 a2 38. Ra1 Be7 39. Bh6 Ng7 40. Nc1 Nf5
41. Bg5 Ba3 42. Nxa2 Bb2 43. Rb1 Bxc3 44. Nc1 Nxd4 45. Qf2 a4 46. Ne2 Nxe2+ 47. Qxe2 a3 48. Qe3 d4 49. Qe4 a2 50. Qa8+ Kh7
51. Bc6 axb1=Q+ 52. Kg2 Qa2+
0-1

[Event "RIVALS Cup 2008"]
[Site "SchemingMind.com"]
[Date "2008.10.12"]
[Round "-"]
[White "mmccaffe"]
[Black "Carl Lenox"]
[Result "0-1"]
[WhiteCountry "USA"]
[BlackCountry "CAN"]
[WhiteElo "1488"]
[WhiteRD "51"]
[BlackElo "1270"]
[BlackRD "69"]
[GameID "174631"]

1. e4 c5 2. Nf3 d6 3. d4 g6 4. Be3 Nc6 5. Nc3 Bg7 6. Bc4 e5 7. dxc5 dxc5 8. Qxd8+ Nxd8 9. Bxc5 Nf6 10. Nxe5 b6
11. Ba3 Bh6 12. Bb5+ Nd7 13. Bxd7+ Bxd7 14. Nxd7 Kxd7 15. Rd1+ Ke6 16. Rd6+ Ke7 17. Rxg6+ Kd7 18. Rxh6 Rc8 19. O-O Ne6 20. Rd1+ Kc7
21. Nd5+ Kb7 22. Nf6 Rxc2 23. Rd7+ Nc7 24. g3 Ka8
0-1

[Event "RIVALS Cup 2008"]
[Site "SchemingMind.com"]
[Date "2008.10.12"]
[Round "-"]
[White "dtedesco"]
[Black "Carl Lenox"]
[Result "1-0"]
[WhiteCountry "CAN"]
[BlackCountry "CAN"]
[WhiteElo "1471"]
[WhiteRD "57"]
[BlackElo "1216"]
[BlackRD "61"]
[GameID "174632"]

1. c4 c6 2. d4 e6 3. Nc3 Nf6 4. e4 Bd6 5. e5 Bb4 6. exf6 Qxf6 7. Nf3 c5 8. Bg5 Qg6 9. Bd3 Qh5 10. Qc2 O-O
11. O-O f6 12. Be3 f5 13. Rae1 Nc6 14. Be2 f4 15. Ne5 Ne7 16. Bxh5 d6 17. Nf3 g6 18. Ng5 e5 19. dxe5 dxe5 20. Rd1 Rf5
21. Bg4 Rxg5 22. Nd5 Bxg4 23. Nxe7+ Kg7 24. Bc1 Re8 25. Rd7 Bxd7 26. Nd5 Rg4 27. h3 Rg5 28. g3 f3 29. Bxg5 e4 30. Nxb4 Bxh3
31. Re1 a5 32. Rxe4 Rf8 33. Qc3+ Kg8 34. Bh6 axb4 35. Qg7#
1-0

[Event "RIVALS Cup 2008"]
[Site "SchemingMind.com"]
[Date "2008.10.12"]
[Round "-"]
[White "Zugzwang"]
[Black "mmccaffe"]
[Result "1/2-1/2"]
[WhiteCountry "CAN"]
[BlackCountry "USA"]
[WhiteElo "1491"]
[WhiteRD "59"]
[BlackElo "1598"]
[BlackRD "51"]
[GameID "174633"]

1. d4 Nf6 2. Nf3 g6 3. e3 Bg7 4. b3 O-O 5. Bb2 d6 6. Be2 Nbd7 7. O-O b6 8. c4 c5 9. Nc3 Bb7 10. d5 Ng4
11. h3 Nge5 12. Nxe5 Nxe5 13. f4 Nd7 14. e4 f5 15. exf5 Rxf5 16. Qc2 Rf7 17. Ne4 Bxb2 18. Qxb2 Qf8 19. Ng5 Rxf4 20. Rxf4 Qxf4
21. Ne6 Qe5 22. Qxe5 Nxe5 23. Rf1 Re8 24. Nc7= Rf8 25. Rxf8+ Kxf8 26. g4 Nf7 27. h4 Nh6=
1/2-1/2

[Event "RIVALS Cup 2008"]
[Site "SchemingMind.com"]
[Date "2008.10.14"]
[Round "-"]
[White "Zugzwang"]
[Black "dtedesco"]
[Result "0-1"]
[WhiteCountry "CAN"]
[BlackCountry "CAN"]
[WhiteElo "1487"]
[WhiteRD "60"]
[BlackElo "1471"]
[BlackRD "57"]
[GameID "174634"]

1. d4 Nf6 2. Nf3 g6 3. e3 Bg7 4. Be2 d5 5. O-O O-O 6. c4 b6 7. Nc3 dxc4 8. Bxc4 Nc6 9. e4 Bg4 10. e5 Ne8
11. h3 Bxf3 12. Qxf3 Nxd4 13. Qe4 c5 14. f4 a6 15. Be3 Rc8 16. Rad1 Qc7 17. e6 f6 18. Ne2 Nd6 19. Qd3 b5 20. Bd5 f5
21. Nxd4 Bxd4 22. Bxd4 cxd4 23. Qxd4 Qc2 24. Rd2 Qc5 25. Qxc5 Rxc5 26. g4 b4 27. b3 Rfc8 28. gxf5 Nxf5 29. Kh2 Ne3 30. Rg1 Rxd5
31. f5 Rxd2+
0-1

[Event "RIVALS Cup 2008"]
[Site "SchemingMind.com"]
[Date "2008.10.11"]
[Round "-"]
[White "Zugzwang"]
[Black "Carl Lenox"]
[Result "1-0"]
[WhiteCountry "CAN"]
[BlackCountry "CAN"]
[WhiteElo "1487"]
[WhiteRD "60"]
[BlackElo "1216"]
[BlackRD "61"]
[GameID "174635"]

1. d4 Nf6 2. Nf3 e6 3. e3 d5 4. Bd3 c5 5. c3 Nc6 6. O-O Bd6 7. Nbd2 O-O 8. Qe2 Qc7 9. e4 Bf4 10. dxc5 e5
11. exd5 Nd8 12. b4 b6 13. d6 Qc6 14. Nc4 Ne6 15. Nfxe5 Qe8 16. Qf3 Ba6 17. Re1 Qc8 18. Bxf4 Nd8 19. c6 Re8 20. d7 Qc7
21. dxe8=Q+ Nxe8 22. Qe4 Nf6 23. Qe3 Ne6 24. Bg5 Rd8 25. Bxf6 gxf6 26. Qh3 Ng7 27. Nxf7 Qxf7 28. Qxh7+ Kf8 29. Bg6 Qxc4 30. Rad1 Rc8
31. Rd7
1-0

[Event "RIVALS Cup 2008"]
[Site "SchemingMind.com"]
[Date "2008.10.12"]
[Round "-"]
[White "mmccaffe"]
[Black "Zugzwang"]
[Result "1/2-1/2"]
[WhiteCountry "USA"]
[BlackCountry "CAN"]
[WhiteElo "1598"]
[WhiteRD "51"]
[BlackElo "1491"]
[BlackRD "59"]
[GameID "174636"]

1. e4 e5 2. Nf3 Nf6 3. Nxe5 d6 4. Nf3 Nxe4 5. d4 d5 6. Bd3 Bd6 7. Nbd2 O-O 8. O-O Re8 9. Re1 Nxd2 10. Bxd2 Nc6
11. c3 Rxe1+ 12. Qxe1 Bg4 13. Qe3 Qf6 14. Re1 Ne7 15. Qg5 Qxg5 16. Bxg5 Nf5 17. Bxf5 Bxf5 18. Be7 Re8 19. Bxd6 Rxe1+ 20. Nxe1 cxd6
21. Nf3=
1/2-1/2

[Event "RIVALS Cup 2008"]
[Site "SchemingMind.com"]
[Date "2008.10.16"]
[Round "-"]
[White "dtedesco"]
[Black "Zugzwang"]
[Result "0-1"]
[WhiteCountry "CAN"]
[BlackCountry "CAN"]
[WhiteElo "1471"]
[WhiteRD "57"]
[BlackElo "1487"]
[BlackRD "60"]
[GameID "174637"]

1. e4 e5 2. f4 exf4 3. Nf3 g5 4. h4 g4 5. Ne5 d6 6. Nxg4 Nc6 7. d3 h5 8. Nf2 Bh6 9. Nc3 Be6 10. d4 Nb4
11. Qxh5 Nxc2+ 12. Ke2 Nxa1 13. Bxf4 Nc2 14. Kf3 Nxd4+ 15. Ke3 Bxf4+ 16. Kxf4 Rxh5 17. Be2 Qf6+ 18. Ke3 Ra5 19. h5 Nxe2 20. Nxe2 O-O-O
21. Nc3 d5 22. a3 d4+ 23. Kd3 dxc3+ 24. Ke3 cxb2
0-1

[Event "RIVALS Cup 2008"]
[Site "SchemingMind.com"]
[Date "2008.10.12"]
[Round "-"]
[White "Carl Lenox"]
[Black "Zugzwang"]
[Result "0-1"]
[WhiteCountry "CAN"]
[BlackCountry "CAN"]
[WhiteElo "1254"]
[WhiteRD "64"]
[BlackElo "1469"]
[BlackRD "62"]
[GameID "174638"]

1. e4 e5 2. Nf3 Nf6 3. Nxe5 d6 4. Nf3 Nxe4 5. d4 d5 6. Bb5+ c6 7. Bd3 Qe7 8. O-O Be6 9. b3 Nd7 10. Re1 f5
11. Bb2 O-O-O 12. c4 g5 13. a3 h5 14. b4 g4 15. Ne5 Nxe5 16. c5 Nxd3 17. Qxd3 h4 18. a4 g3 19. hxg3 hxg3 20. fxg3 Rg8
21. Qf3 Rxg3 22. Qe2 f4 23. Bc1 f3 24. Qf1 f2+ 25. Kh2 Qh4#
0-1

[Event "RIVALS Cup 2008"]
[Site "SchemingMind.com"]
[Date "2008.10.16"]
[Round "-"]
[White "marble"]
[Black "Zugzwang"]
[Result "1-0"]
[WhiteCountry "ENG"]
[BlackCountry "CAN"]
[WhiteElo "1779"]
[WhiteRD "57"]
[BlackElo "1487"]
[BlackRD "60"]
[GameID "175036"]

1. e4 e5 2. Nf3 Nf6 3. Bc4 Nxe4 4. Nxe5 Qe7 5. d4 d6 6. Nxf7 Nc3+ 7. Kd2 Nxd1 8. Kxd1 Qf6 9. Re1+ Be7 10. Bg5 Qxd4+
11. Nd2 Nc6 12. c3 Qxf2 13. Bxe7 Nxe7 14. Rf1 Qxg2 15. Nxh8 Bg4+ 16. Kc2 O-O-O 17. Nf7 Rf8 18. Nxd6+ cxd6 19. Rxf8+ Kc7 20. Re1 Nf5
21. Rf7+ Kb6 22. Bd3 Qd5 23. Nc4+ Kc5 24. Rc7+
1-0

[Event "RIVALS Cup 2008"]
[Site "SchemingMind.com"]
[Date "2008.10.17"]
[Round "-"]
[White "marble"]
[Black "mmccaffe"]
[Result "1-0"]
[WhiteCountry "ENG"]
[BlackCountry "USA"]
[WhiteElo "1874"]
[WhiteRD "57"]
[BlackElo "1488"]
[BlackRD "51"]
[GameID "175037"]

1. e4 e5 2. Nf3 Nc6 3. Bc4 Bc5 4. c3 Nf6 5. d4 exd4 6. cxd4 Bb4+ 7. Nc3 Nxe4 8. O-O Bxc3 9. d5 O-O 10. dxc6 Ba5
11. Qd5 Nd6 12. cxd7 Bxd7 13. Bd3 Bb6 14. Bg5 Bc6 15. Qb3 Qd7 16. Ne5 Qe6 17. Nxc6 bxc6 18. Qc2 h6 19. Bh4 g5 20. Bg3 Qf6
21. Rfe1 Rfe8 22. Qxc6 h5 23. Be4 Nxe4 24. Qxf6 Nxf6 25. Rec1 Ne4 26. Bxc7 Bxf2+ 27. Kf1 Bd4 28. Rc2 Rac8 29. Rd1 Bb6 30. Rdc1 Bxc7
31. Rxc7 Rxc7 32. Rxc7 Rb8 33. b3 a5 34. Ra7 Rb4 35. Rxa5 Nc3 36. Rxg5+ Kh7 37. Rxh5+
1-0

[Event "RIVALS Cup 2008"]
[Site "SchemingMind.com"]
[Date "2008.10.16"]
[Round "-"]
[White "marble"]
[Black "dtedesco"]
[Result "1-0"]
[WhiteCountry "ENG"]
[BlackCountry "CAN"]
[WhiteElo "1779"]
[WhiteRD "57"]
[BlackElo "1471"]
[BlackRD "57"]
[GameID "175038"]

1. e4 c5 2. Nc3 Nc6 3. Nf3 d6 4. d4 Nf6 5. Bb5 Bd7 6. d5 Ne5 7. Nxe5 dxe5 8. a4 Nxe4 9. Nxe4 c4 10. O-O Bxb5
11. axb5 g6 12. Re1 Bg7 13. c3 O-O 14. b3 cxb3 15. Qxb3 Rc8 16. Rxa7 Qb6 17. Be3 Qc7 18. Nc5 Rb8 19. Na6 Qc8 20. Nxb8 Qxb8
21. Rea1 e4 22. g3 Rc8 23. Bd2 h6 24. Qb4 g5 25. Qxe4 f6 26. h4 Kf7 27. hxg5 hxg5 28. f4 Rh8 29. Qe6+ Kg6 30. f5+ Kh6
31. Kf2 Kh5 32. Rh1+ Kg4 33. Qe4+ Qf4+ 34. Bxf4 Rxh1 35. Be3+ Kh3 36. Qxh1+ Kg4 37. Ra4+ Kxf5 38. Qe4#
1-0

[Event "RIVALS Cup 2008"]
[Site "SchemingMind.com"]
[Date "2008.10.15"]
[Round "-"]
[White "marble"]
[Black "Carl Lenox"]
[Result "1-0"]
[WhiteCountry "ENG"]
[BlackCountry "CAN"]
[WhiteElo "1779"]
[WhiteRD "57"]
[BlackElo "1216"]
[BlackRD "61"]
[GameID "175039"]

1. e4 c5 2. Nf3 d6 3. d4 g6 4. Nc3 Bg7 5. d5 Nf6 6. Be2 O-O 7. O-O Nbd7 8. a4 a6 9. a5 e5 10. Bg5 b5
11. Qd2 b4 12. Nd1 Rb8 13. Ne3 h6 14. Bxf6 Nxf6 15. Bd3 b3 16. cxb3 Rxb3 17. Qc2 Rb8 18. Nc4 Re8 19. Ra3 Bd7 20. Nxd6 Re7
21. Bxa6 Qc7 22. Nc4 Qa7 23. d6 Ree8 24. Nfxe5 Be6 25. Nc6 Qxa6 26. Nxb8 Rxb8 27. Ne3 Qxd6 28. a6 Nxe4 29. Qxe4 Qd2 30. a7 Qxb2
31. axb8=Q+ Qxb8 32. Ra8
1-0

[Event "RIVALS Cup 2008"]
[Site "SchemingMind.com"]
[Date "2008.10.18"]
[Round "-"]
[White "Zugzwang"]
[Black "marble"]
[Result "0-1"]
[WhiteCountry "CAN"]
[BlackCountry "ENG"]
[WhiteElo "1487"]
[WhiteRD "60"]
[BlackElo "1779"]
[BlackRD "57"]
[GameID "175040"]

1. d4 Nf6 2. Nf3 d5 3. e3 e6 4. Bd3 c5 5. c3 Nc6 6. O-O cxd4 7. cxd4 Bd6 8. Nbd2 O-O 9. Re1 h6 10. Qe2 a6
11. e4 dxe4 12. Nxe4 Nb4 13. Nxf6+ Qxf6 14. Bd2 Rd8 15. Qe4 Nxd3 16. Qxd3 b6 17. Qe4 Rb8 18. Bc3 Bb7 19. Qg4 Bd5 20. Ne5 Bxe5
21. dxe5 Qg5 22. Qxg5 hxg5 23. Re3 Kh7 24. Rg3 Bxa2 25. Rxg5 Rb7 26. h4 Bc4 27. Rc1 b5 28. b4 Rd5 29. f4 Rd3 30. Kh2 Rbd7
31. f5 exf5 32. Rxf5 Re3 33. g4 Rdd3 34. Be1 g6 35. Rg5 Ra3 36. Bf2 Ra2 37. Kg1 Ree2 38. Bg3 Rg2+ 39. Kh1 Rxg3
0-1

[Event "RIVALS Cup 2008"]
[Site "SchemingMind.com"]
[Date "2008.10.18"]
[Round "-"]
[White "mmccaffe"]
[Black "marble"]
[Result "0-1"]
[WhiteCountry "USA"]
[BlackCountry "ENG"]
[WhiteElo "1488"]
[WhiteRD "51"]
[BlackElo "1874"]
[BlackRD "57"]
[GameID "175041"]

1. e4 c5 2. Nf3 g6 3. d3 Bg7 4. Nc3 Nc6 5. g3 d6 6. Bg2 Nf6 7. O-O O-O 8. h3 Rb8 9. Be3 b5 10. Qd2 b4
11. Ne2 Bd7 12. Nh4 Qc8 13. Kh2 a5 14. d4 cxd4 15. Nxd4 Nxd4 16. Bxd4 e5 17. Be3 Rd8 18. Rac1 Bc6 19. f3 d5 20. Qf2 dxe4
21. fxe4 Qe6 22. Bg5 Rd6 23. b3 Nxe4 24. Bxe4 Bxe4 25. Qa7 Ra8 26. Qe3 Bc6 27. Bh6 Bf6 28. Bg5 Bd8 29. Bxd8 Raxd8 30. Qb6 Rd2+
31. Ng2 Rxg2+
0-1

[Event "RIVALS Cup 2008"]
[Site "SchemingMind.com"]
[Date "2008.10.16"]
[Round "-"]
[White "dtedesco"]
[Black "marble"]
[Result "0-1"]
[WhiteCountry "CAN"]
[BlackCountry "ENG"]
[WhiteElo "1471"]
[WhiteRD "57"]
[BlackElo "1779"]
[BlackRD "57"]
[GameID "175042"]

1. e4 c5 2. d4 cxd4 3. c3 Nf6 4. e5 Nd5 5. Nf3 e6 6. Bc4 dxc3 7. Bxd5 cxb2 8. Bxb2 exd5 9. Qxd5 Bb4+ 10. Nbd2 Na6
11. O-O O-O 12. e6 fxe6 13. Qd4 Rf6 14. Qh4 Rf8 15. Qxd8 Rxd8 16. Rac1 d5 17. a3 Bd6 18. Rfe1 Nc5 19. Nd4 Nd3 20. Nxe6 Bxe6
21. Rxe6 Nxb2 22. Rb1 Bxa3 23. h3 b6 24. Re3 Bc5 25. Re2 Na4 26. Re7 Bxe7
0-1

[Event "RIVALS Cup 2008"]
[Site "SchemingMind.com"]
[Date "2008.10.15"]
[Round "-"]
[White "Carl Lenox"]
[Black "marble"]
[Result "0-1"]
[WhiteCountry "CAN"]
[BlackCountry "ENG"]
[WhiteElo "1254"]
[WhiteRD "64"]
[BlackElo "1761"]
[BlackRD "56"]
[GameID "175043"]

1. e4 c5 2. f4 d5 3. Bb5+ Bd7 4. Qe2 dxe4 5. Qxe4 Nc6 6. d3 Nf6 7. Qe2 Nd4 8. Qd2 Bxb5 9. Nc3 Bc6 10. Qf2 Ng4
11. Qg3 h5 12. h3 Nf6 13. Be3 Nxc2+ 14. Kd2 Nxa1 15. Bxc5 h4 16. Qe1 Qa5 17. Be3 O-O-O 18. Qxa1 Qf5 19. Nf3 Qxd3+ 20. Ke1 Qxe3+
21. Kf1 Bxf3 22. Qe1 Qd3+
0-1

[Event "RIVALS Cup 2008"]
[Site "SchemingMind.com"]
[Date "2008.10.17"]
[Round "-"]
[White "Brerrabbit"]
[Black "Zugzwang"]
[Result "0-1"]
[WhiteCountry "SCO"]
[BlackCountry "CAN"]
[WhiteElo "1396"]
[WhiteRD "66"]
[BlackElo "1487"]
[BlackRD "60"]
[GameID "175163"]

1. e4 e5 2. Nf3 Nf6 3. Nxe5 d6 4. Nf3 Nxe4 5. Nc3 Nxc3 6. dxc3 Be7 7. Qe2 O-O 8. Qe3 Re8 9. Bd3 Bf6 10. Qxe8+ Qxe8+
11. Be2 Bg4 12. Be3 Bxf3 13. Bxf3 c6 14. O-O Nd7 15. Rae1 Ne5 16. Be4 Ng4 17. Bf4 Qd7 18. h3 Ne5 19. Rd1 d5 20. Bf3 Nxf3+
21. gxf3 Qxh3 22. Rd3 Re8 23. c4 dxc4 24. Re3 Rxe3 25. fxe3 Bxb2 26. Rd1 h6 27. Rd8+ Kh7
0-1

[Event "RIVALS Cup 2008"]
[Site "SchemingMind.com"]
[Date "2008.10.18"]
[Round "-"]
[White "Brerrabbit"]
[Black "marble"]
[Result "0-1"]
[WhiteCountry "SCO"]
[BlackCountry "ENG"]
[WhiteElo "1410"]
[WhiteRD "67"]
[BlackElo "1761"]
[BlackRD "56"]
[GameID "175164"]

1. e4 c5 2. d4 cxd4 3. c3 dxc3 4. Nxc3 Nc6 5. Bc4 Ne5 6. Bf4 Nxc4 7. Qd4 Nb6 8. Nf3 d6 9. O-O f6 10. Qd3 e5
11. Be3 Ne7 12. Rfd1 Nc6 13. Rac1 Nb4 14. Qb5+ Nc6 15. Nd5 a6 16. Qb3 Nxd5 17. exd5 Na5 18. Qc3 e4 19. Nd4 f5 20. g3 Be7
21. Ne6 Bxe6 22. dxe6 O-O 23. Bd4 Bf6 24. Bxf6 Rxf6 25. e7 Qxe7 26. Qxa5 Rf7 27. Rc7 Qxc7
0-1

[Event "RIVALS Cup 2008"]
[Site "SchemingMind.com"]
[Date "2008.10.18"]
[Round "-"]
[White "Brerrabbit"]
[Black "mmccaffe"]
[Result "0-1"]
[WhiteCountry "SCO"]
[BlackCountry "USA"]
[WhiteElo "1372"]
[WhiteRD "66"]
[BlackElo "1598"]
[BlackRD "51"]
[GameID "175165"]

1. e4 e5 2. Nf3 Nc6 3. Nc3 Nf6 4. Bb5 d6 5. d4 exd4 6. Nxd4 Bd7 7. Nf5 Bxf5 8. exf5 Qe7+ 9. Be3 g6 10. fxg6 fxg6
11. Nd5 Nxd5 12. Qxd5 Qd7 13. O-O Bg7 14. Rae1 O-O-O 15. Bxa7 Bxb2 16. Rb1 Ba3 17. Rb3 Bc5 18. Bxc5 dxc5 19. Qxc5 Qd5 20. Qxd5 Rxd5
21. Bxc6 bxc6 22. Rfb1 Rhd8 23. Rb8+ Kd7 24. Rxd8+ Kxd8 25. f4 Rd2 26. Rb2 Kd7 27. Kf1 Rd4 28. Ke2 Rxf4 29. Ke3 Rf6 30. Kd4 Rf2
31. c4 Rxb2
0-1

[Event "RIVALS Cup 2008"]
[Site "SchemingMind.com"]
[Date "2008.10.18"]
[Round "-"]
[White "Brerrabbit"]
[Black "dtedesco"]
[Result "1-0"]
[WhiteCountry "SCO"]
[BlackCountry "CAN"]
[WhiteElo "1396"]
[WhiteRD "66"]
[BlackElo "1471"]
[BlackRD "57"]
[GameID "175166"]

1. e4 c5 2. d4 cxd4 3. c3 dxc3 4. Nxc3 e6 5. Bc4 Nc6 6. Qf3 Nd4 7. Qd3 Bc5 8. Be3 e5 9. Nf3 Nxf3+ 10. gxf3 Bxe3
11. Qxe3 Nf6 12. O-O-O a6 13. Qg5 O-O 14. h4 h6 15. Qxe5 b5 16. Bb3 d6 17. Rxd6 Bd7 18. Qg3 Nh5 19. Qg2 Qc7 20. e5 Nf4
21. Qh2 Ng6 22. h5 Nxe5 23. Qxe5 b4 24. Rg1 g6 25. hxg6 Bb5 26. g7 Rfe8 27. Rxh6
1-0

[Event "RIVALS Cup 2008"]
[Site "SchemingMind.com"]
[Date "2008.10.17"]
[Round "-"]
[White "Brerrabbit"]
[Black "Carl Lenox"]
[Result "1-0"]
[WhiteCountry "SCO"]
[BlackCountry "CAN"]
[WhiteElo "1396"]
[WhiteRD "66"]
[BlackElo "1216"]
[BlackRD "61"]
[GameID "175167"]

1. e4 c5 2. d4 cxd4 3. c3 Nf6 4. e5 Nd5 5. Bc4 Qc7 6. Be2 Qxe5 7. cxd4 Qd6 8. Nc3 g6 9. Nf3 Bg7 10. Bc4 Nf4
11. O-O O-O 12. Ne2 Ne6 13. d5 Nc7 14. Nf4 b5 15. Bb3 e5 16. Nh3 Bb7 17. Be3 Bxd5 18. Rc1 e4 19. Nfg5 Bxb2 20. Rc2 Be5
21. g3 b4 22. f4 Bg7 23. Bxd5 Nxd5 24. Bc5 Qa6 25. Qxd5 Nc6 26. Bxf8 Bxf8 27. Qxf7+ Kh8 28. Qxh7#
1-0

[Event "RIVALS Cup 2008"]
[Site "SchemingMind.com"]
[Date "2008.10.17"]
[Round "-"]
[White "Zugzwang"]
[Black "Brerrabbit"]
[Result "1-0"]
[WhiteCountry "CAN"]
[BlackCountry "SCO"]
[WhiteElo "1487"]
[WhiteRD "60"]
[BlackElo "1396"]
[BlackRD "66"]
[GameID "175168"]

1. d4 d5 2. Nf3 Nf6 3. e3 b6 4. b3 Bb7 5. Bb2 e6 6. Bd3 g6 7. Nbd2 Bb4 8. O-O O-O 9. c3 Bd6 10. c4 Ng4
11. h3 Nf6 12. Re1 dxc4 13. Bxc4 Ne4 14. Nxe4 Bxe4 15. d5 e5 16. Nxe5 Qg5 17. Nf3 Qe7 18. Qd4 f6 19. Nh4 g5 20. Nf3 Nd7
21. Nd2 Nc5 22. Nxe4 Nxe4 23. Rac1 c5 24. dxc6+ Kg7 25. Bd5 Bc5 26. Qxe4 Qxe4 27. Bxe4 Rac8 28. Red1 Rfe8 29. Bf3 h5 30. Rd7+ Kg6
31. a3
1-0

[Event "RIVALS Cup 2008"]
[Site "SchemingMind.com"]
[Date "2008.10.17"]
[Round "-"]
[White "marble"]
[Black "Brerrabbit"]
[Result "1-0"]
[WhiteCountry "ENG"]
[BlackCountry "SCO"]
[WhiteElo "1761"]
[WhiteRD "56"]
[BlackElo "1410"]
[BlackRD "67"]
[GameID "175169"]

1. e4 e5 2. Nf3 Nc6 3. Bb5 a6 4. Bxc6 bxc6 5. Nxe5 Bc5 6. c3 d6 7. Nxc6 Bb7 8. Nxd8 Rxd8 9. d4 Bb6 10. Qg4 g6
11. Na3 c5 12. Nc4 Nf6 13. Qh4 Nd7 14. Nxd6+
1-0

[Event "RIVALS Cup 2008"]
[Site "SchemingMind.com"]
[Date "2008.10.18"]
[Round "-"]
[White "mmccaffe"]
[Black "Brerrabbit"]
[Result "1-0"]
[WhiteCountry "USA"]
[BlackCountry "SCO"]
[WhiteElo "1598"]
[WhiteRD "51"]
[BlackElo "1372"]
[BlackRD "66"]
[GameID "175170"]

1. e4 e5 2. Nf3 Nc6 3. Bb5 Nf6 4. d3 Bc5 5. O-O a6 6. Ba4 d5 7. exd5 Nxd5 8. Bxc6+ bxc6 9. Nxe5 Bd4 10. Nxc6 Qf6
11. Qe2+ Be6 12. Nxd4 Qxd4 13. c3 Qf6 14. Be3 Nxe3 15. fxe3 O-O 16. Rxf6 gxf6 17. Nd2 Kh8 18. a3
1-0

[Event "RIVALS Cup 2008"]
[Site "SchemingMind.com"]
[Date "2008.10.18"]
[Round "-"]
[White "dtedesco"]
[Black "Brerrabbit"]
[Result "1-0"]
[WhiteCountry "CAN"]
[BlackCountry "SCO"]
[WhiteElo "1471"]
[WhiteRD "57"]
[BlackElo "1396"]
[BlackRD "66"]
[GameID "175171"]

1. e4 e5 2. f4 exf4 3. Nf3 Be7 4. d4 Bh4+ 5. Ke2 b6 6. Bxf4 Bb7 7. Nc3 Nf6 8. Nxh4 Nxe4 9. Nxe4 Bxe4 10. Nf3 Nc6
11. d5 Nb4 12. a3 Nxd5 13. Qd4 f5 14. Qxg7 Nxf4+ 15. Kf2 Ng6 16. Ne5 Rf8 17. Rd1 d6 18. Bb5+ c6 19. Bxc6+ Bxc6 20. Nxc6 Qh4+
21. g3 Qf6 22. Rhe1+ Ne5 23. Qc7 Rc8 24. Qxc8+ Kf7 25. Nxe5+ Kg7 26. Qc7+
1-0

[Event "RIVALS Cup 2008"]
[Site "SchemingMind.com"]
[Date "2008.10.17"]
[Round "-"]
[White "Carl Lenox"]
[Black "Brerrabbit"]
[Result "0-1"]
[WhiteCountry "CAN"]
[BlackCountry "SCO"]
[WhiteElo "1254"]
[WhiteRD "64"]
[BlackElo "1410"]
[BlackRD "67"]
[GameID "175172"]

1. e4 e5 2. Nf3 Nc6 3. Nc3 Nf6 4. d4 exd4 5. Nd5 Nb4 6. Qxd4 Nxc2+ 7. Ke2 Nxd4+ 8. Nxd4 Nxe4 9. f3 Nc5 10. Bf4 Bd6
11. Kf2 c6 12. Bxd6 Qh4+ 13. g3 Qxd4+ 14. Ne3 Qxd6 15. Bc4 Qd2+ 16. Be2 Nd3+ 17. Kg2 d6 18. g4 Qxe2+
0-1

[Event "RIVALS Cup 2008"]
[Site "SchemingMind.com"]
[Date "2008.10.17"]
[Round "-"]
[White "jamesm_beatty"]
[Black "Brerrabbit"]
[Result "1-0"]
[WhiteCountry "USA"]
[BlackCountry "SCO"]
[WhiteElo "1440"]
[WhiteRD "63"]
[BlackElo "1396"]
[BlackRD "66"]
[GameID "175219"]

1. e4 e5 2. Nf3 Nc6 3. d4 exd4 4. Nxd4 Bc5 5. Nxc6 Qf6 6. f3 Qxc6 7. Nc3 Qd6 8. Bd3 Nf6 9. a3 Qe6 10. Qe2 d5
11. exd5 Qxe2+ 12. Nxe2 Bd7 13. c4 O-O 14. b4 Bd6 15. Bb2 Rfe8 16. O-O-O c6 17. c5 Be5 18. Bxe5 Rxe5 19. d6 Nd5 20. Rhe1 g5
21. g3 Rae8 22. f4 R5e6 23. Bf5 Rxe2 24. Rxe2 Rxe2 25. Bxd7 Kf8 26. fxg5 Rxh2 27. Bc8 Ke8 28. Bxb7 Kd8 29. Bxc6 Ne3 30. Rd3 Nc4
31. Bb5 Ne5 32. Re3 Rh1+ 33. Kc2 Rh2+ 34. Kc3 Rh5 35. Rxe5
1-0

[Event "RIVALS Cup 2008"]
[Site "SchemingMind.com"]
[Date "2008.10.17"]
[Round "-"]
[White "jamesm_beatty"]
[Black "Zugzwang"]
[Result "0-1"]
[WhiteCountry "USA"]
[BlackCountry "CAN"]
[WhiteElo "1440"]
[WhiteRD "63"]
[BlackElo "1487"]
[BlackRD "60"]
[GameID "175220"]

1. e4 e5 2. Nf3 Nf6 3. Nxe5 d6 4. Nf3 Nxe4 5. Qe2 Qe7 6. Nc3 Nxc3 7. Qxe7+ Bxe7 8. dxc3 O-O 9. Bc4 Nc6 10. Bf4 Re8
11. O-O-O a5 12. Ng5 Bxg5 13. Bxg5 Re5 14. Rhe1 Be6 15. Rxe5 dxe5 16. Bxe6 fxe6 17. g3 b5 18. Re1 a4 19. f4 b4 20. cxb4 Nxb4
21. a3 Nc6 22. fxe5 Ra5 23. c3 Nxe5 24. Re3 Ng4 25. Bd8 Nxe3 26. Bxc7 Rd5 27. h4 Rd1#
0-1